Представление документа в формате MARC21

Поле Инд. ПП Название Значение
Тип записи a
Библиографический уровень m
001 Контрольный номер RU/IS/BASE/307191905
005 Дата корректировки 20140703180656.8
040 a Служба первич. каталог. НБ ТвГУ
b Код языка каталог. rus
e Правила каталог. PSBO
041 0_ a Код языка текста rus
080 a Индекс УДК 811.161.1'367.623(043.3)
080 a Индекс УДК 821.161.1.09(043.3)
080 a Индекс УДК 929Солженицын
084 a Индекс другой классификации/Индекс ББК Ш141.12-71Солженицын.я031
a Индекс другой классификации/Индекс ББК Ш141.12-212.2я031
a Индекс другой классификации/Индекс ББК Ш5(2=411.2)6-4Солженицын А.И.457я031
090 a Полочн. индекс Ш141.12
x Авторский знак Г 70
100 1_ a Автор Горовая Ирина Геннадьевна
q Полное имя Горовая И. Г.
245 10 a Заглавие Авторские окказионализмы в романе А. И. Солженицына "Красное колесо" / "Август четырнадцатого" (на материале сложных прилагательных)
b Продолж. заглавия автореф. дис. ... канд. филол. наук : 10.02.01
c Ответственность С.-Петерб. гос. ун-т, Фак. филологии и искусств, Каф. рус. яз.
260 a Место издания Санкт-Петербург
c Дата издания 2009
300 a Объем 23 с.
500 a Примечание На правах рукоп.
504 a Библиография Библиогр. в конце кн.
650 a Основная рубрика Солженицын, Александр Исаевич, о нем
650 14 a Основная рубрика Русский язык
x Основная подрубрика Писателей язык
x Основная подрубрика Стилистика
x Основная подрубрика Части речи
650 14 a Основная рубрика Прилагательное в русском языке
650 14 a Основная рубрика Русская литература
x Основная подрубрика История
x Основная подрубрика Язык и стиль
653 a Ключевые слова Окказионализмы
a Ключевые слова Писатели
a Ключевые слова Прилагательное в русском языке
a Ключевые слова Русская литература
a Ключевые слова Русские писатели
a Ключевые слова Русский язык
a Ключевые слова Сложные прилагательные
a Ключевые слова Солженицын
a Ключевые слова Стилистика русского языка
a Ключевые слова Части речи
a Ключевые слова Язык и стиль литературы
a Ключевые слова Язык писателей
a Ключевые слова Авторефераты
920 a Оператор Густ
930 a Новая/Ретро авторефераты
952 c Вид литературы А/Р н
954 a Дата поступления на обработку 20091015